| 000 | 00858nam a2200253Ia 4500 | ||
|---|---|---|---|
| 005 | 20211111074837.0 | ||
| 008 | 130821s1993 sp gr spa | ||
| 020 | _a8480021144 | ||
| 040 |
_aCo-BoUCM _bspa |
||
| 041 | 0 | 0 | _aspa |
| 100 | 1 |
_aDíez Ripollés, José _9163668 |
|
| 245 | 1 | 0 |
_aDelitos contra bienes jurídicos fundamentales vida humana independiente y libertad _cJosé Díez Ripollés, Luis Gracia Martín |
| 260 |
_aValencia (España) _bTirant lo Blanch _c1993 |
||
| 300 | _a397 páginas | ||
| 650 | 0 | 4 |
_aCrimen _912140 |
| 650 | 0 | 4 |
_aCriminología _912152 |
| 650 | 0 | 4 |
_aDelitos contra la persona _912579 |
| 650 | 0 | 4 |
_aDelitos _912564 |
| 650 | 0 | 4 |
_aDerecho penal _912805 |
| 650 | 0 | 4 |
_aDerecho privado _9437 |
| 700 | 1 |
_aGracia Martín, Luis _9163669 |
|
| 942 |
_cLIBRO _a8 _e1 _mD568d _2DEWEY _h364.15 |
||
| 999 |
_c53561 _d53561 |
||